Idea de hombre y educación en J. J. Rousseau / Jaquelyne Arcos Avila... [et.al] (Record no. 70026)
[ view plain ]
| 000 -CABECERA | |
|---|---|
| campo de control de longitud fija | 00784nam a2200253 a 4500 |
| 005 - FECHA Y HORA DE LA ÚLTIMA TRANSACCIÓN | |
| campo de control | 20210219153152.0 |
| 008 - ELEMENTOS DE LONGITUD FIJA--INFORMACIÓN GENERAL | |
| campo de control de longitud fija | 991125n 000 0 u |
| 035 ## - NÚMERO DE CONTROL DEL SISTEMA | |
| Número de control de sistema | UPN01000081594 |
| 222 ## - TÍTULO CLAVE | |
| Título clave | PEDAGOGIA : |
| 222 ## - TÍTULO CLAVE | |
| Información calificativa | REVISTA DE LA UNIVERSIDAD PEDAGOGICA NACIONAL |
| 245 ## - MENCIÓN DE TÍTULO | |
| Título | Idea de hombre y educación en J. J. Rousseau / Jaquelyne Arcos Avila... [et.al] |
| 300 ## - DESCRIPCIÓN FÍSICA | |
| Extensión | 49-56 |
| 362 ## - FECHAS DE PUBLICACIÓN Y/O DESIGNACIÓN SECUENCIAL | |
| Fecha de publicación y/o designación secuencial | 1986 Vol. 3, no. 7, may.-ago. |
| 653 0# - TERMINO DE INDIZACION - NO CONTROLADO | |
| Término no controlado | CLASES SOCIALES |
| 653 0# - TERMINO DE INDIZACION - NO CONTROLADO | |
| Término no controlado | EDUCACION |
| 653 0# - TERMINO DE INDIZACION - NO CONTROLADO | |
| Término no controlado | EDUCACION DE MUJERES |
| 653 0# - TERMINO DE INDIZACION - NO CONTROLADO | |
| Término no controlado | HOMBRE |
| 653 0# - TERMINO DE INDIZACION - NO CONTROLADO | |
| Término no controlado | ROUSSEAU, JEAN JAQUES, 1712-1778 |
| 700 02 - ASIENTO SECUNDARIO--NOMBRE DE PERSONAL | |
| Nombre de persona | CAMACHO OLIN, Marcela, coaut. |
| 700 02 - ASIENTO SECUNDARIO--NOMBRE DE PERSONAL | |
| Nombre de persona | CANSECO AGUILAR, Rosalba, coaut. |
| 700 02 - ASIENTO SECUNDARIO--NOMBRE DE PERSONAL | |
| Nombre de persona | GONZALEZ SANCHEZ, Irma, coaut. |
| 904 ## - ELEMENTOS DE DATOS D LOCAL, LDD (RLIN) | |
| a | AC |
| b | 019405 |
| 905 ## - TIPO DE MATERIAL | |
| Tipo de material | Articulo |
No items available.
